000 00691 a2200229 4500
001 47165
005 20260407155740.0
008 260407a1993 arg spa d
003 AR-UNSa-BCEJYS
040 _aAR-UNSa-BCEJYS
_bspa
_cAR-UNSa-BCEJYS
080 _a330.43
_xEconometría
245 1 0 _aEconometría
020 _a970-10-0075-7
250 _a2a. ed.
264 1 _aMéxico :
_bMcGraw-Hill
_c1993
300 _a597 p.
_c23 cm.
942 _cBK
590 _aniveau_biblio:m niveau_hierar:0
100 1 _aMayorga Torrado, Víctor Manuel
700 1 _aGujarati, Damodar N.
856 4 1 _uhttps://www.biblioeco.unsa.edu.ar/pmb/images/libros/L127413.jpg
_yImagen de portada
_qimage/jpeg
999 _c4306
_d4306